000 00796nam a2200241Ia 4500
003 OSt
005 20221005111635.0
006 a|||||r|||| 00| 0
007 ta
008 221004b |||||||| |||| 00| 0 hin d
024 _a115816
037 _cTextual
040 _aCRL
_cCRL
_bhin
041 _2hin
_ahin
082 _aT0aS, 152L2
100 _aजमुआर, कृष्ण कुमार
245 0 _aशिक्षा - मनोविज्ञान
246 _aShikṣhā - manovijnyāna
260 _aपटना
_bबिहार हिंदी ग्रंथ अकादमी भारत
_c1972
300 _a282पृ0
_ccm.
942 _hT0aS, 152L2
_cTEXL
_2cc
999 _c1022423
_d1022423